Методы решения обратных задач (Запис № 463430)
[ простий вигляд ]
| 000 -Лідер | |
|---|---|
| fixed length control field | 00539nam a22002057a 4500 |
| 001 - Контрольний номер | |
| control field | 216219303 |
| 003 - Ідентифікатор контрольного номера | |
| control field | UA-OsUOA |
| 005 - Дата та час останнього входження (трансакції) | |
| control field | 20200923114221.0 |
| 008 - Елементи даних фіксованої довжини – загальна інформація | |
| fixed length control field | 200923b un ||||| |||| 00| 0 ukr d |
| 040 ## - Джерело каталогізації | |
| Агенція оригінальної каталогізації | UA-OsUOA |
| Мова каталогізації | ukr |
| Агенція, яка здійснювала перезапис | UA-OsUOA |
| Агенція, яка здійснювала модифікацію | UA-OsUOA |
| 041 ## - Код мови | |
| Код мови тексту/ звукової доріжки чи окремого заголовка (П) | ukr |
| 080 ## - Індекс Універсальної десяткової класифікації | |
| Індекс Універсальної десяткової класифікації (УДК) (НП) | 51 |
| 090 ## - Локальний шифр розміщення | |
| Класифікаційний індекс УДК | 51 |
| 245 ## - Відомості про назву | |
| Назва (НП) | Методы решения обратных задач |
| Дані про відповідальність (НП) | под ред. М. М. Лаврентьева |
| 260 ## - Публікація, розповсюдження і т.п. (Вихідні дані) | |
| Місце публікації, розповсюдження і т.п. (П) | Новосибирск |
| Дата публікації, розповсюдження і т.п. (П) | 1990 |
| 300 ## - Фізичний опис | |
| Обсяг | 145 с. |
| 650 ## - Додаткове предметне введення – тематичний термін | |
| Джерело заголовка чи терміна | 51 |
| 942 ## - Додаткові елементи входу (Коха) | |
| Source of classification or shelving scheme | Universal Decimal Classification |
| Тип елемента Koha | Книги |
| 955 ## - Код типу видання за змістом | |
| Код типу видання за змістом (НП) | Наукові видання |
| Стан вилучень | Стан втрат | Джерело класифікації або схеми стелажів | Стан уражень | Не для кредиту | Постійне місце розташування | Поточне розміщення | Дата придбання | Інвентарний номер | Усього замовленно | Повний номер виклику | Штрих-код | Дата останнього перегляду | Ціна ефективна від | Тип елемента Koha |
|---|---|---|---|---|---|---|---|---|---|---|---|---|---|---|
| Universal Decimal Classification | АБ - Абонемент НБ | АБ - Абонемент НБ | 23/09/2010 | 24548 | 51 | 24548 | 27/05/2022 | 23/09/2020 | Книги |